| 000 -LEADER |
| fixed length control field |
00900nam a2200217Ia 4500 |
| 001 - CONTROL NUMBER |
| control field |
7319 |
| 003 - CONTROL NUMBER IDENTIFIER |
| control field |
GE_BSU |
| 008 - FIXED-LENGTH DATA ELEMENTS--GENERAL INFORMATION |
| fixed length control field |
181216s||||||||xx |||||||||||||| ||und|| |
| 040 ## - CATALOGING SOURCE |
| Transcribing agency |
GE_BSU |
| 080 ## - UNIVERSAL DECIMAL CLASSIFICATION NUMBER |
| Universal Decimal Classification number |
94(479.223-25)+908(479.223-25) |
| 100 ## - MAIN ENTRY--PERSONAL NAME |
| Personal name |
დაკიშევიჩი ნ. მ. |
| 245 ## - TITLE STATEMENT |
| Title |
ბათუმი. |
| 245 ## - TITLE STATEMENT |
| Statement of responsibility, etc. |
წიგნი თარგმნა, წინასიტყვაობა, შენიშვნები და საძიებლები დაურთო რამაზ სურმანიძემ; რედ.: ოთარ გოგოლიშვილი. |
| 250 ## - EDITION STATEMENT |
| Edition statement |
სერია "აჭარა უცხოელთა თვალით". |
| 260 ## - PUBLICATION, DISTRIBUTION, ETC. |
| Place of publication, distribution, etc. |
თბილისი. |
| 260 ## - PUBLICATION, DISTRIBUTION, ETC. |
| Name of publisher, distributor, etc. |
ინოვაცია. |
| 260 ## - PUBLICATION, DISTRIBUTION, ETC. |
| Date of publication, distribution, etc. |
2011. |
| 300 ## - PHYSICAL DESCRIPTION |
| Extent |
72 გვ.; ილ.; 20 სმ. |
| 653 ## - INDEX TERM--UNCONTROLLED |
| Uncontrolled term |
ბათუმი. |
| 942 ## - ADDED ENTRY ELEMENTS (KOHA) |
| Koha item type |
წიგნი |